| 000 | 01056nas a2200349 4500 | ||
|---|---|---|---|
| 001 | BR2013010061 | ||
| 003 | BR-BrBNA | ||
| 005 | 20231205123359.0 | ||
| 007 | ta | ||
| 008 | 230509b bl.|||p| |||| 00| 00por d | ||
| 040 |
_aBR-BrBNA _bpor _cBiblioteca Nacional de Agricultura |
||
| 041 | _a(Pt) | ||
| 072 | _aF30; P07 | ||
| 100 | 1 | _aCastro, A.F.N.M. | |
| 100 | 1 | _aCastro, R.V.O. | |
| 100 | 1 | _aCarneiro, A. de C.O. | |
| 100 | 1 | _aLima, J.E. de | |
| 100 | 1 | _aSantos, R.C. dos | |
| 100 | 1 | _aPereira, B.L.C. | |
| 100 | 1 | _aAlves, I.C.N. | |
| 245 | 1 | _aAnálise multivariada para seleção de clones de eucalipto destinados à produção de carvão vegetal | |
| 650 | _aEUCALIPTO | ||
| 650 | _aMADEIRA | ||
| 650 | _aQUALIDADE | ||
| 650 | _aCARVÃO VEGETAL | ||
| 650 | _aSELEÇÃO GENÉTICA | ||
| 650 | _aCLONE | ||
| 650 | _aMÉTODO ESTATÍSTICO | ||
| 773 | 0 |
_tPesquisa Agropecuária Brasileira (Brazil) _xISSN 0100-204X _g(Jun 2013), v. 43(6) p. 627-635 _wBR2013010061 |
|
| 909 |
_a202311 _bLúcia _c55 _dLúcia Elande |
||
| 942 |
_2AGRIS _n0 _cANA |
||
| 999 |
_c233588 _d233588 |
||